Morning walks /

Main Author: Brunner, Martin, 1983-
Corporate Author: Epoque Quartet
Other Authors: Martin Brunner Trio
Language: No linguistic content
Published: [Praha] : Animal Music, [2013]
Physical Description: 1 CD audio (52:55) ; 12 cm
Audio
Saved in:
LEADER 01728njm a2200493 i 4500
001 001562856
003 CZ BrMZK
005 20170228143809.0
007 sd fungnnmmned
008 170202t20132013xr jznng n zxx
015 |a cnb002874743 
024 3 |a 8594155997039 
028 0 1 |a ANI 039-2  |b Animal Music 
040 |a BOA001  |b cze  |e rda 
045 |a y1y2 
072 7 |a 78.011.26  |x Populární hudba. Populární písně. Populární taneční hudba  |2 Konspekt  |9 9 
080 |a 78.036.9.011.26  |2 MRF 
080 |a (086.76)  |2 MRF 
100 1 |a Brunner, Martin,  |d 1983-  |7 xx0090807  |4 arr  |4 cmp  |4 itr 
245 1 0 |a Morning walks /  |c Martin Brunner 
264 1 |a [Praha] :  |b Animal Music,  |c [2013] 
264 4 |c 2013 
300 |a 1 CD audio (52:55) ;  |c 12 cm 
306 |a 005255 
336 |a hraná hudba  |b prm  |2 rdacontent 
337 |a audio  |b s  |2 rdamedia 
338 |a audiodisk  |b sd  |2 rdacarrier 
344 |a digital  |b optical  |2 rda 
347 |a audio soubor  |b CD audio  |2 rda 
500 |a Název z disku 
500 |a Hudba, aranžmá Martin Brunner 
500 |a Fonogram Petr Ostrouchov (Animal Music) 
505 0 |a Introduction -- Part I-VII -- Interlude -- Part VIII 
511 1 |a Epoque Quartet, Martin Brunner Trio 
518 |a Nahráno 30.-31- července 2013 v Sono Records, Nouzov 
648 7 |a 2011-2020  |7 ch460589 
650 0 7 |a jazz  |7 ph121330  |y 2011-2020  |2 czenas 
655 7 |a kompaktní disky  |7 fd201991  |2 czenas 
710 2 |a Epoque Quartet  |7 kn20020808062  |4 prf 
710 2 |a Martin Brunner Trio  |7 mzk2010508287  |4 prf 
910 |a BOA001  |b CDR-1378.972 
990 |a AV 
991 |b 201702 
996 6 |b 2610696349  |c CDR-1378.972  |l MZK  |r Sklad / do 24 hodin  |n 0  |p p.v.  |w 001598263  |u 000010  |a 1  |e BOA001  |j MZK50  |s P